Fr. Conceicao Rodrigues College of Engineering

Writing Fast programs:A practical guide for scientists and engineers (Record no. 27231)

MARC details
000 -LEADER
fixed length control field 00372nam a2200157Ia 4500
082 ## - DEWEY DECIMAL CLASSIFICATION NUMBER
Classification number 4.77
Item number RIL
100 ## - MAIN ENTRY--PERSONAL NAME
Personal name Riley/John
245 ## - TITLE STATEMENT
Title Writing Fast programs:A practical guide for scientists and engineers
260 ## - PUBLICATION, DISTRIBUTION, ETC.
Name of publisher, distributor, etc. Viva
Date of publication, distribution, etc. 2008
366 ## - TRADE AVAILABILITY INFORMATION
Publishers's discount category 20
300 ## - PHYSICAL DESCRIPTION
Extent 328
546 ## - LANGUAGE NOTE
Language note ENGLISH
-- electronics
654 ## - SUBJECT ADDED ENTRY--FACETED TOPICAL TERMS
Focus term writing fast programs
942 ## - ADDED ENTRY ELEMENTS (KOHA)
Koha item type BOOK
Holdings
Withdrawn status Lost status Damaged status Not for loan Collection Home library Current library Date acquired Source of acquisition Cost, normal purchase price Inventory number Total Checkouts Full call number Barcode Date last seen Cost, replacement price Price effective from Koha item type
        CRC Fr. Agnel's C.Rodrigues College of Engineering Fr. Agnel's C.Rodrigues College of Engineering 17/03/2023 Book Service Syndicate 316.00 58 dt 11.06.2014   4.77 RIL 23251 17/03/2023 395.00   BOOK